SO Postcodes Quiz Stats

 Plays Quiz not verified by Sporcle

Support Sporcle.
Go Orange.
Score 0/22 Timer 08:00
0 Plays Today
postcode Answer % Correct
SO14Southampton
100%
SO15Southampton
87.5%
SO16Southampton
87.5%
SO17Southampton
87.5%
SO18Southampton
87.5%
SO21Winchester
75%
SO22Winchester
75%
SO20Winchester
62.5%
SO24Alresford
62.5%
SO41Lymington
50%
SO42Brockenhurst
37.5%
postcode Answer % Correct
SO50Romsey
37.5%
SO51Eastleigh
37.5%
SO53Eastleigh
37.5%
SO40Lyndhurst
25%
SO45Southampton
25%
SO19Stockbridge
12.5%
SO30Southampton
12.5%
SO31Southampton
12.5%
SO32Southampton
12.5%
SO43Lyndhurst
12.5%
SO52Southampton
12.5%

You're not logged in!

Compare scores with friends on all Sporcle quizzes.
OR
Log In

From the Vault

Add an 'AD'

by LTH

I suppose if this quiz goes over well, we should look into putting together add a 'BC' quiz as well.
Remove Ads.
Support Sporcle.
Get the best of Sporcle when you Go Orange. This ad-free experience offers more features, more stats, and more fun while also helping to support Sporcle. Thank you for becoming a member.

Show Comments

Extras

Created Jan 24, 2016ReportNominate
Tags:Order, postcode, postpone

Top Quizzes Today


Score Distribution

Your Account Isn't Verified!

In order to create a playlist on Sporcle, you need to verify the email address you used during registration. Go to your Sporcle Settings to finish the process.

Report this User

Report this user for behavior that violates our Community Guidelines.

Details: